LEADER 01519nam0 22003733i 450 001 SBL0543084 005 20251003044356.0 020 $aIT$b672173 100 $a20020911d1967 ||||0itac50 ba 101 | $aita$cita 102 $ait 181 1$6z01$ai $bxxxe 182 1$6z01$an 183 1$6z01$anc$2RDAcarrier 200 1 $aElementi di statistica$fdi Claudio Napoleoni 210 $aFirenze$cLa nuova Italia$d1967 215 $a86 p.$d22 cm. 225 | $aCorso di scienza economica 410 0$1001LO10029264$12001 $aCorso di scienza economica 500 10$aElementi di statistica$3UBO4778610$9CFIV010532$9513706 606 $aStatistica$2FIR$3CFIC000038$9E 676 $a001.422$9RICERCA. METODI STATISTICI$v23 676 $a310$9$v21 696 $aScienze statistiche 699 $aStatistica$yScienze statistiche 700 1$aNapoleoni$b, Claudio$3CFIV010532$4070$016392 801 3$aIT$bIT-000000$c20020911 850 $aIT-BN0095 901 $bNAP 01$cPOZZO LIB.$nVi sono collocati fondi di economia, periodici di ingegneria e scienze, periodici di economia e statistica e altri fondi comprendenti documenti di economia pervenuti in dono. 912 $aSBL0543084 950 0$aBiblioteca Centralizzata di Ateneo$c1 v.$d 01POZZO LIB.F. PARRAVICINI 703$e 0101 0600172625E VMA 1 v. (Precedente collocazione P. 1405)$fB $h20050930$i20231205 977 $a 01 996 $aElementi di statistica$9513706 997 $aUNISANNIO